000 00372cam a2200157ua 4500
041 _aeng
_h
082 _a828.09
_bGRE/JO
100 _aGreen, Peter .
245 _aJohn skeleton /
_cPeter Green.
_hTextual Documents
250 _a1 /
_b.
260 _aLondon :
_bLongman Green and Co ,
_c1960.
300 _a46 ; .
504 _a
942 _cBK
999 _c8851
_d8851